Κνωσός το εκστατικό όραμα : σημειωτική και ψυχολογία μίας αρχαιολογικής περιπέτειας
Αποθηκεύτηκε σε:
| Κύριος συγγραφέας: | |
|---|---|
| Μορφή: | Βιβλίο |
| Γλώσσα: | Greek |
| Δημοσίευση: |
Ηράκλειο :
Πανεπιστημιακές Εκδόσεις Κρήτης,
1996
|
| Θέματα: | |
| Ετικέτες: |
Προσθήκη ετικέτας
Δεν υπάρχουν, Καταχωρήστε ετικέτα πρώτοι!
|
MARC
| LEADER | 00000cam a2200000 i 4500 | ||
|---|---|---|---|
| 001 | 1/70233 | ||
| 008 | 990224s1996 gr | ||| |||| ||gre|| | ||
| 020 | |a 9607309979 | ||
| 035 | |l 10048047 | ||
| 040 | |a GR-MY-UA |b gre |e aacr | ||
| 041 | 0 | |a gre | |
| 082 | 0 | |a 939.18 | |
| 100 | 1 | |a Ζώης, Αντώνης Α. | |
| 245 | 1 | 0 | |a Κνωσός το εκστατικό όραμα : |b σημειωτική και ψυχολογία μίας αρχαιολογικής περιπέτειας / |c Αντώνης Α. Ζώης |
| 260 | |a Ηράκλειο : |b Πανεπιστημιακές Εκδόσεις Κρήτης, |c 1996 | ||
| 300 | |a 578 σ.; |c 24 εκ. | ||
| 651 | 0 | |a Greece |x History |y 146 B.C.-323 A.D. | |
| 651 | 0 | |a Crete (Greece) |x History |y 67 B.C.-826 A.D. | |
| 852 | |a INST |b RHODES |e 19990224 |h 939.18 ΖΩΗ |p 005400015663 |q 005400015663 |t BK |y 0 | ||
| 852 | |a INST |b RHODES |e 20080521 |h 939.18 ΖΩΗ |p 005400029120 |q 005400029120 |t BK |y 0 | ||
| 901 | |a BIBL4-1999-1 | ||
| 909 | |a Ρ |b 053537 |c 1998 | ||
| 909 | |a Ρ |b 150137 | ||
| 922 | |a 4ΕΛΗ |b 199802 |c ΚΠΣ/Ν | ||
| 970 | |z 2000/06/ΟΙΚΟΝΟΜΟΠΟΥΛΟΥ (SUBJECT) | ||